Statistics for Finish the Lyrics: Disney Princesses (Hard)

Click here to take the quiz!

General Stats

  • This quiz has been taken 145 times
  • The average score is 3 of 15

Answer Stats

Finish the LyricsAnswer% Correct
Let's get down to business, to defeat the Huns. ___ ____ ____ __ _________ ____ _ _____ ___ ____?Did they send me daughters when I asked for sons
71%
Bitter sweet and strange. Finding you can change. ________ ___ ____ _____.Learning you were wrong
46%
I killed a snake, I buried it's guts. ________ _ ____, ___ _____ ___ ________.Sprouted a tree now you've got coconuts
32%
Where are you going? Don't leave me alone. ___ __ _ ______ ___, ____ ___ _______.How do I follow you into the unknown
29%
7am, the usual morning lineup. _____ __ ___ ______ ___ _____ ___ ___ ______ ___ _____.Start on the chores and sweep til the floors all clean
23%
People are asking where you've been. ____ ___ ____ _______ ___ __ ______ __. __ _____ ___ ____ ___ ___. ____ ___ __ __.They say have courage and I'm trying to I'm right out here for you Just let me in
23%
If you want to cross the bridge my sweet, _____ ___ __ ___ ___ ____.You've got to pay the toll
22%
It don't matter what you look like. It don't matter what you wear. ___ ____ _____ ___ ___ __ ____ _______. __ ____ ____.How many rings you got on your fingers We don't care
19%
We what the land folks loves to cook. _____ ___ ___ __ ___ ___ ____.Under the sea we off the hook
19%
But despite my evil look, and my temper and my hook, ___ ______ _______ __ __ _ _______ _______.I've always yearned to be a concert pianist
15%
____ ____ ______, ________ __ ___ ____ ______. Boy you better do it soon. No time will be better.Now's your moment floating in the blue lagoon
4%
One jump ahead of the hoofbeats. ___ ___ _____ __ ___ ____.One hop ahead of the hump
4%
Aue aue, nuku i mua. Te manulele e tataki e. Aue aue, __ _____ __ _____.Te fenua te malie
4%
Cinderelly, Cinderelly. Night and day it's Cinderelly. ____ ___ ____, ___ ___ _________, ____ ___ _____, __ ___ _______.Make the fire fix the breakfast wash the dishes do the mopping
3%
And as you sweep the room, imagine that the broom is someone that you love. ___ ____ _____ ____ ____ _____ _______ __ ___ ____.And soon you'll find that you're dancing to the tune
2%

Score Distribution

Percentile by Number Answered

Percent of People with Each Score

Your Score History

You have not taken this quiz